Ensayos católicos

Guardat en:
Dades bibliogràfiques
Autor principal: Greene, Graham (Autor)
Format: Llibre
Idioma:espanyol
Publicat: Buenos Aires Emecé Editores S. A 1955
Edició:1a. ed
Matèries:
Etiquetes: Afegir etiqueta
Sense etiquetes, Sigues el primer a etiquetar aquest registre!

MARC

LEADER 00000cam a2200000 a 4500
001 UCE4030
003 CL-VaPUC
008 141009e19550000ag |||||||||||||||||spa|d
082 0 4 |a 262.72  |b GRE  |2 21 
100 0 |a Greene, Graham  |e author  |9 309259 
245 1 0 |a Ensayos católicos 
250 |a 1a. ed 
300 |a 80 p 
942 |c BK 
945 |d 20141009 14:36:00  |a dcastane 
260 |a Buenos Aires  |b Emecé Editores S. A  |c 1955 
650 0 |a Catolicismo  |9 258690 
650 0 |a Iglesia Católica  |9 256114 
650 0 |a Ensayos  |9 268724 
583 |a last modification  |c 20141009 14:36:00  |k Rodrigo Vera 
999 |c 357119  |d 357117 
952 |0 0  |1 0  |3 erb  |4 0  |6 262_720000000000000_GRE_1955  |7 0  |8 P  |9 464939  |a BIBTEO  |b BIBTES  |c TEO_FTES  |i 4999509  |o 262.72 GRE 1955  |p 4999509  |r 2024-01-18  |w 2019-11-23  |y BK  |z Catalogado en:20141009  |k ICR